| 000 | 00635nam a2200145Ia 4500 | ||
|---|---|---|---|
| 008 | 260210s9999 xx 000 0 und d | ||
| 024 | _a09B-86-EE, 09B-115-EE, 10B-52-EE, 10B-53-EE & 10B-64-EE | ||
| 082 | _a670.427072 MUH | ||
| 100 | _aMuhammad Haseeb, Umair Saeed, Sannan Ilyas, Muhammad Talha Bin Qaiser & Osama Ahmed | ||
| 245 | 0 | _aRF-Controlled Fire Fighting Robotic Vehicle | |
| 260 |
_aKarachi: _bUITU, _c2010 |
||
| 600 | _aElectronic Engineering | ||
| 650 | _aBachelor of Engineering (BE) | ||
| 856 |
_uhttps://drive.google.com/file/d/1fyhAxGJQjqGqObwYFkoHPP0noeX7G-hj/view?usp=sharing _yClick here for online reading |
||
| 999 |
_c33082 _d33082 |
||